Libro historico politico, solo Madrid es corte, y el cortesano en Madrid (Record no. 160840)
[ view plain ]
| 000 -LEADER | |
|---|---|
| campo de control de longitud fija | 01444nam a2200289 i 4500 |
| 001 - NÚMERO DE CONTROL | |
| campo de control | 160840 |
| 003 - IDENTIFICADOR DE NÚMERO DE CONTROL | |
| campo de control | ES-MaACL |
| 005 - FECHA Y HORA DE LA ÚLTIMA TRANSACCIÓN | |
| campo de control | 20250603171333.0 |
| 008 - DATOS DE LONGITUD FIJA--INFORMACIÓN GENERAL | |
| campo de control de longitud fija | 931025s1675 sp |||| | spa d |
| 100 1# - ENTRADA PRINCIPAL--NOMBRE DE PERSONA | |
| Nombre de persona | Núñez de Castro, Alonso. |
| 9 (RLIN) | 86183 |
| 245 10 - MENCIÓN DEL TÍTULO | |
| Título | Libro historico politico, solo Madrid es corte, y el cortesano en Madrid |
| Resto del título | : dividido en quatro libros... / |
| Mención de responsabilidad, etc. | por don Alonso Nuñez de Castro... |
| 250 ## - MENCION DE EDICION | |
| Mención de edición | Tercera impression, con diferentes adiciones. |
| 260 ## - PUBLICACIÓN, DISTRIBUCIÓN, ETC. | |
| Lugar de publicación, distribución, etc. | En Madrid : |
| Nombre del editor, distribuidor, etc. | por Roque Rico de Miranda... : |
| -- | a costa de Antonio Riero y Texada..., |
| Fecha de publicación, distribución, etc. | 1675. |
| 300 ## - DESCRIPCIÓN FÍSICA | |
| Extensión | [24], 549 [i. e. 555] p. ; |
| Dimensiones | 4º. |
| 594 ## - Nota al título y mención de responsabilidad | |
| Nota al título y mención de responsabilidad | La mención de ed. aparece en port. entre el tít. y la explicación de tít. |
| 597 ## - NOTA DE DESCRIPCIÓN FÍSICA | |
| NOTA DE DESCRIPCIÓN FÍSICA | Sign. : 2¶8, 3¶4, A-Z8, 2A-2L8, 2M6. |
| 597 ## - NOTA DE DESCRIPCIÓN FÍSICA | |
| NOTA DE DESCRIPCIÓN FÍSICA | Texto a dos col. |
| 597 ## - NOTA DE DESCRIPCIÓN FÍSICA | |
| NOTA DE DESCRIPCIÓN FÍSICA | Errores de pag. a partir de la p. 225 (se repite de la p. 220 a la p. 225, ambas inclusive) |
| 597 ## - NOTA DE DESCRIPCIÓN FÍSICA | |
| NOTA DE DESCRIPCIÓN FÍSICA | Port. a dos tintas. |
| 597 ## - NOTA DE DESCRIPCIÓN FÍSICA | |
| NOTA DE DESCRIPCIÓN FÍSICA | Errores en la signaturización de preliminares. |
| 650 04 - PUNTO DE ACCESO ADICIONAL DE MATERIA--TÉRMINO DE MATERIA | |
| Término de materia o nombre geográfico como elemento de entrada | Corte y cortesanos- |
| Subdivisión geográfica | España- |
| Subdivisión cronológica | S.XVII. |
| 9 (RLIN) | 11384 |
| 651 #4 - PUNTO DE ACCESO ADICIONAL DE MATERIA--NOMBRE GEOGRÁFICO | |
| Nombre geográfico | Madrid- |
| Subdivisión general | Descripción. |
| 9 (RLIN) | 8952 |
| 651 #7 - PUNTO DE ACCESO ADICIONAL DE MATERIA--NOMBRE GEOGRÁFICO | |
| Nombre geográfico | España- |
| Subdivisión general | Administración |
| Fuente del encabezamiento o término | |
| 9 (RLIN) | 148152 |
| 852 ## - LOCALIZACIÓN | |
| Ubicación | ES-MaACL |
| Número de control de estantería | R-3370 |
| itemnumber | 166865 |
| Signatura antigua | Olim: G-2851 |
| Nota libre | Cotejado con la relación de obras recuperadas expediente Robo |
| -- | Cambio de signatura- Datos tomados del fichero topográfico R |
| Encuadernación | Encuadernación en pergamino |
| 942 ## - ELEMENTOS DE ENTRADA SECUNDARIOS (KOHA) | |
| Fuente del sistema de clasificación o colocación | Clasificación decimal universal |
| Estatus retirado | Estado de pérdida | Estado de daño | No para préstamo | Colección | Biblioteca de origen | Biblioteca actual | Ubicación en estantería | Fecha de adquisición | Fuente de adquisición | Total de préstamos | Signatura topográfica completa | Código de barras | Visto por última vez | Precio de reemplazo | Tipo de ítem Koha |
|---|---|---|---|---|---|---|---|---|---|---|---|---|---|---|---|
| Libros del s. XVII | Biblioteca del Ateneo de Madrid | Biblioteca del Ateneo de Madrid | Depósito | 17/01/2008 | R-3370 | 1168437 | 23/02/2023 | 23/02/2023 | Libro impreso antiguo |
